[Event "Lake Sevan 2014"]
[Site "Martuni ARM"]
[Date "2014.08.04"]
[Round "9.5"]
[White "Ter-Sahakyan, Samvel"]
[Black "Vidit, Santosh Gujrathi"]
[Result "1/2-1/2"]
[WhiteTitle "GM"]
[BlackTitle "GM"]
[WhiteElo "2572"]
[BlackElo "2602"]
[WhiteFideId "13302531"]
[BlackFideId "5029465"]
[EventDate "2014.07.27"]

1. e4 e5 2. Nf3 Nf6 3. Nxe5 d6 4. Nf3 Nxe4 5. Nc3 Nf6 6. d4 Be7 7. Bd3 O-O 8. h3
Re8 9. O-O Nbd7 10. Ne2 Nf8 11. c4 d5 12. c5 Ne4 13. Bf4 Ng6 14. Bh2 Bf5 15. Ne1
Nh4 16. Qc2 Qd7 17. Nf3 Nxf3+ 18. gxf3 Bh4 19. Nf4 Bxh3 20. Nxh3 Qxh3 21. fxe4
Qg4+ 22. Kh1 Qf3+ 23. Kg1 Qg4+ 24. Kh1 Qf3+ 25. Kg1 1/2-1/2